Nový Zákon

Bibliographic Details
Main Author: Poručan, Štefan, 1919-1969 (Adapter, Translator)
Format: Book
Language:Slovak
PhysicalDescription:1135 s. 15 cm
Published: Rím Slovenský ústav sv. Cyrila a Metoda 1968
Edition:1. vyd.
Subjects:

MARC

LEADER 00000cam a2200000 a 4500
001 vtls011710971
003 SK-MaSNL
005 20260302020329.0
008 250312s1968 it 000 0 slo
015 |a SNBZSA1990 
035 |a 5F7EC42F-BFF2-4030-8FBB-7924A441704E 
035 |a urn:nbn:sk:snk-am3ichp 
035 |a urn:nbn:sk:snk-am00e3dx 
040 |a SNK  |b slo  |c SNK  |e AACR2 
041 0 |a slo 
044 |a it  |c IT 
080 |a 225  |2 1981 
130 1 |a Biblia  |9 17043 
245 0 0 |a Nový Zákon  |c [podľa grécko-semitskej pôvodiny spracoval Štefan Porúbčan] 
250 |a 1. vyd. 
260 |a Rím  |b Slovenský ústav sv. Cyrila a Metoda  |c 1968  |e Roma  |f Pont. Univ. Gregoriana 
300 |a 1135 s.  |c 15 cm 
366 |e 30000 výtl. 
630 0 7 |a Biblia  |p Nový zákon  |2 SNK 
650 0 7 |a biblické texty  |2 SNKPH  |9 1917 
700 1 |a Poručan, Štefan,  |d 1919-1969  |4 adp  |4 trl  |9 289028 
852 |a Slovenská národná knižnica 
958 |a OND 
958 |a NS 
958 |a TL 
958 |a ZS 
958 |a OP 
999 |c 1024705  |d 1026635 
952 |t P60, <03>, [BOOK], {603}  |a SNK  |b SNK  |y PREZ  |7 0  |p 17A0051727  |o snkSE 5278  |0 0  |1 0  |4 0  |d 1997-03-03  |f 1  |l 0  |r 2005-01-01 00:00:00  |w 2026-02-24